Statistics for Supertramp Albums

Click here to take the quiz!

General Stats

  • This quiz has been taken 18 times
  • The average score is 6 of 11

Answer Stats

HintAnswer% Correct
1979Breakfast in America
100%
1974Crime of the Century
93%
1975Crisis? What Crisis?
80%
1977Even in The Quietest of Moments
80%
1982Famous Last Words
73%
1985Brother Where You Bound
60%
1970Supertramp
60%
1971Indelibly Stamped
47%
1987Free As A Bird
27%
2002Slow Motion
7%
1997Some Things Never Change
0%

Score Distribution

Percentile by Number Answered

Percent of People with Each Score

Your Score History

You have not taken this quiz